| 000 | 00510nam a2200181 a 4500 | ||
|---|---|---|---|
| 001 | 5862 | ||
| 003 | CO-ViMGA | ||
| 008 | 141112s2004 ck r 000 u spa d | ||
| 040 |
_aCO-ViMGA _bspa _cCO-ViMGA |
||
| 082 | 0 | 4 | _a643.3 R319 |
| 100 | 1 |
_aReay, Julio _94426 |
|
| 245 | 1 | 0 |
_aRestauración básica : _badministración del servicio de alimentos |
| 260 |
_aMexico : _bTrillas, _c1997 |
||
| 300 | _a253 p : il | ||
| 490 | _aTurismo Trillas | ||
| 650 | 1 | 4 |
_aRESTAURANTES - ADMINISTRACION _951799 |
| 942 |
_2ddc _cBK |
||
| 999 |
_c17839 _d17839 |
||